|
|
|
|
| LEADER |
03125nam a2200541 a 4500 |
| 001 |
000000055 |
| 005 |
20260219110940.0 |
| 008 |
000426s1696 xo e lat |
| FMT |
|
|
|
| 040 |
|
|
|a SVKKK
|b slo
|c SVKKK
|e AACR2
|
| 041 |
0 |
|
|a lat
|
| 044 |
|
|
|a xo
|c SK
|
| 080 |
|
|
|a 347(094.1)
|
| 080 |
|
|
|a 347(439.5)
|
| 100 |
1 |
|
|a Verbőci, Štefan,
|d 1458-1541
|4 aut
|
| 245 |
1 |
0 |
|a Corpus Juris Hungarici :
|b Corpus Juris Hungarici, Seu Decretum Generale, Inclyti Regni Hungariae, Partiumque Eidem Annexarum, In Tres Tomos Distinctum: Nunc denuó Recusum, Omnibúsque Novellis, Articulis, quae in Prioribus Editionibus deerant, adauctum. Tomus Primus, Continens Opus Tripartitum, Juris Consuetudinarii Ejusdem Regni. Avthore, Stephano de Werböcz, &c.
|
| 260 |
|
|
|a Tyrnaviae :
|b Typis Academicis, per Joannem Andream Hörmann,
|c Anno M. DC. XCVI. [=1696]
|
| 300 |
|
|
|a [28],139,[5] s. [5],)*(/4-)**(/4,A/6-M/6 [=86] list.
|c 6°. 31x20 cm
|
| 500 |
|
|
|a Vinety ornam., vineta ornam.-fig., linky ozdobné, inic. s ornam. pozadím vo voľ. priestore na 5, 7, 8, 9, 10 r., inic. s ornam. pozadím v rámčeku na 8 r., verz. vo voľ. priestore na 2 r., titl. list s červeno-čiernou tlačou, typograf. ozdoby, kustódy.
|
| 505 |
2 |
|
|a Konvolút.
|
| 508 |
|
|
|a Na zl. [2]-[5] ded. tlačiarne kardinálovi Koloničovi. Na zl. )*(/1-)*(/2 úvod a ded. autora kráľovi Vladislavovi Jagelonskému.
|
| 510 |
4 |
|
|a Szabó II/501[pod Corpus]; Hanakovič III/1396; Telgársky 594/4342; Kolodziejský 369/2487; Dokoupil 41/161; Zelliger 38; Podmanická 0; Rizner ; Pumprla 0; Uherková 0.
|
| 561 |
|
|
|a Peč.: Štátna vedecká knižnica v Košiciach; Rakovszky Könyvtár Kocsócz.
|
| 563 |
|
|
|a Pôvodná - drevené dosky, pergamen s rámcovou ornam.-link. slepotlačou, na prednej doske v strede fig., na zadnej doske erb Uhorska, chrbát s link. slepotlačou, zvyšky spôn.
|
| 501 |
|
|
|a Prív. 1: DECRETA, Constitutiones. Tyrnaviae 1696. 6°.
|
| 501 |
|
|
|a Prív. 2: DECRETA, Donstitutiones. Tyrnaviae 1696. 6°, 4°.
|
| 501 |
|
|
|a Prív. 3. INDEX. Tyrnaviae 1699. 4°.
|
| 501 |
|
|
|a Prív. 4. KITONIČ, J. Directio Methodica Procesus. (Tyrnaviae 1700). 4°.
|
| 501 |
|
|
|a Prív. 5. KITONIČ, J. Venturia Vertarium Comtratietatum. [Trnava] 1700. 4°.
|
| 501 |
|
|
|a Prív. 6. FORMA Processus Judicii Criminalis. Tyrnaviae 1697. 4°.
|
| 653 |
1 |
|
|a právo
|
| 653 |
1 |
|
|a právo uhorské
|
| 653 |
2 |
|
|a dekréty všeobecné
|
| 700 |
1 |
|
|a Hörmann, Ján Andrej,
|d 1693-1703
|4 prt
|4 dto
|
| 700 |
1 |
|
|a Jagelonský, Vladislav
|b II,
|d 1456-1516
|4 dte
|
| 700 |
1 |
|
|a Kolonič, Leopold,
|c kardinál,
|d 1631-1707
|4 dte
|
| 700 |
1 |
|
|a Verbőci, Štefan,
|d 1458-1541
|4 dto
|4 aui
|
| 710 |
0 |
|
|a Akademická tlačiareň - Hörmann, Ján Andrej
|c Trnava
|d 1693-1704
|4 prt
|
| 710 |
0 |
|
|a knižnice - Rakovského knižnica
|c Kočovce
|4 sgn
|
| 752 |
|
|
|a Slovensko
|d Trnava
|
| 852 |
|
|
|p GR 498
|
| 904 |
|
|
|a acf da yyyb 1001
|
| 905 |
|
|
|a ac a1cc
|
| 910 |
|
|
|a svkkk
|
| 997 |
|
|
|a Werböcz, Stephanus de p. Verbőci, Štefan
|4 aut
|
| 997 |
|
|
|s Rakovszky Könyvtár Kocsócz p. knižnice - Rakovského knižnica
|4 sgn
|
| 998 |
|
|
|a TRNTL
|
| BAS |
|
|
|